000 00931cab a2200253 4500
001 ABS51703
008 090401t1994 xxu||||| |||| 00| 0 eng d
035 _a(Sirsi) u40668
041 _aeng
100 _aPugh, C.
245 _aInternational property cycles: their causes and the lessons to be learnt
260 _c1994
350 _a0
490 _aProperty Review
_v4(6) November 1994, 193-196(4)
520 _aHighlights the impact of the internationalisation of property markets on the location of investments, the composition of portfolio investment, the risks and returns from property and the ways in which property is financed and appraised for finance decisions.
650 _aGLOBAL PROPERTY MARKET
650 _aINVESTMENT MARKET
650 _aPORTFOLIO INVESTMENT
650 _aPROPERTY CYCLES
690 _aPROPERTY-COMMERCIAL PROPERTY
700 _aDehesh, A.
942 _n0
948 _c04/03/1997
999 _c26062
_d26062